000 00336nam a2200133 4500
999 _c774
_d774
008 191218b ||||| |||| 00| 0 eng d
082 0 0 _a532
_bB6122
100 _9297
_aBinder, R. C.
245 1 0 _aFluid Mechanics
_cby R C Binder
260 _aLondon
_bConstable
_c1947
300 _aix, 307 p.
650 0 _aFluid Mechanics
942 _2ddc
_cBK